000 00594cam a22002291 4500
001 sa 67005338
003 DLC
005 20260227112356.0
008 890508s1966 ii 000 0 kano
010 _asa 67005338
035 _a(OCoLC)19677868
040 _aDLC
_cWaU
_dDLC
042 _apremarc
050 0 0 _aPL4650.5
_b.N3
100 1 _aNāyaka, Hā. Mā.
_q(Harōgadde Mānappa),
_d1931-2000.
245 1 0 _aSaṅkīrṇa.
260 _c[1966]
300 _av, 192 p.
_c19 cm.
500 _aIn Kannada.
650 0 _aKannada literature.
700 1 _aMariappa Bhatt, M.,
_d1909-1980.
999 _c75128
_d75128